[Event "25. Open Internacional de Parla 2010"]
[Site "Parla ESP"]
[Date "2010.09.07"]
[Round "4.35"]
[White "Montoya Pecurul, Marc"]
[Black "Tarin Casado, Francisco"]
[Result "1/2-1/2"]
[WhiteElo "1629"]
[BlackElo "1915"]
[PlyCount "121"]
[EventDate "2010.09.04"]
[EventType "swiss"]
[EventRounds "9"]
[EventCountry "ESP"]
[Source "lmi"]
[SourceDate "2010.09.04"]

1. e4 c6 2. d4 d5 3. e5 Bf5 4. Bd3 Bxd3 5. Qxd3 e6 6. Nf3 a6 7. Nc3 Nd7 8. O-O
c5 9. Re1 Ne7 10. Bg5 Qc7 11. Bxe7 Bxe7 12. Ne2 cxd4 13. Nexd4 O-O 14. c3 b5
15. Qe3 Rfc8 16. Ng5 h6 17. Nxf7 Kxf7 18. Qh3 Nf8 19. Re3 Qd7 20. Rg3 Bc5 21.
Qh5+ g6 22. Qxh6 Bxd4 23. cxd4 Ke8 24. Rf3 Qe7 25. h4 Ra7 26. h5 Qg7 27. Qg5
gxh5 28. Qxh5+ Rf7 29. a4 Qh7 30. Qxh7 Rxh7 31. axb5 axb5 32. g3 Rhc7 33. Ra5
Rb8 34. Ra6 Ke7 35. Rf6 Rcb7 36. g4 Rb6 37. Ra7+ R8b7 38. Ra8 Nd7 39. Rh6 Rb8
40. Ra7 R6b7 41. Rh7+ Kd8 42. Rxb7 Rxb7 43. g5 Rb8 44. g6 Kc7 45. Kh2 Rg8 46.
g7 Nb6 47. Kh3 Nc4 48. Kg4 Kd7 49. Kg5 Nxb2 50. Kf6 Nd3 51. Rh8 Rxg7 52. Kxg7
b4 53. Kf6 Nxf2 54. Rh7+ Kc6 55. Kxe6 b3 56. Rh8 Kc7 57. Rg8 Ne4 58. Rg2 Nc3
59. Rg3 Ne2 60. Rxb3 Nxd4+ 61. Kxd5 1/2-1/2

[Event "25. Open Internacional de Parla 2010"]
[Site "Parla ESP"]
[Date "2010.09.07"]
[Round "4.38"]
[White "Ortega Ruiz, Jose Miguel"]
[Black "Martinez Miura, Enrique"]
[Result "1-0"]
[WhiteElo "2278"]
[BlackElo "1731"]
[PlyCount "63"]
[EventDate "2010.09.04"]
[EventType "swiss"]
[EventRounds "9"]
[EventCountry "ESP"]
[Source "lmi"]
[SourceDate "2010.09.04"]

1. e4 e6 2. d3 d5 3. Nd2 dxe4 4. dxe4 Nf6 5. e5 Nfd7 6. Ngf3 Be7 7. Ne4 Nc6 8.
Bb5 O-O 9. Bxc6 bxc6 10. Be3 Ba6 11. b3 Qc8 12. c4 Rd8 13. Qc2 Bb4+ 14. Ke2 Nb6
15. Nfg5 h6 16. Nf6+ Kf8 17. Qh7 hxg5 18. Qg8+ Ke7 19. Qxg7 Nxc4 20. bxc4 Bxc4+
21. Kf3 Rd3 22. Qxg5 Kf8 23. Qh6+ Ke7 24. Qh4 Qa6 25. Nd5+ Kd7 26. Nxb4 Rxe3+
27. fxe3 Be2+ 28. Kf2 Qb5 29. Rhd1+ Bxd1 30. Rxd1+ Kc8 31. Qe4 Kb7 32. Rb1 1-0

[Event "25. Open Internacional de Parla 2010"]
[Site "Parla ESP"]
[Date "2010.09.07"]
[Round "4.39"]
[White "Al-Zarif, Bassam"]
[Black "Tipter, Napoleon"]
[Result "1/2-1/2"]
[WhiteElo "1691"]
[BlackElo "2027"]
[PlyCount "138"]
[EventDate "2010.09.04"]
[EventType "swiss"]
[EventRounds "9"]
[EventCountry "ESP"]
[Source "lmi"]
[SourceDate "2010.09.04"]

1. b3 f5 2. Bb2 Nf6 3. e3 Nc6 4. Nf3 d6 5. Bb5 Bd7 6. Nc3 e6 7. Ne2 Be7 8. Ned4
e5 9. Nxc6 bxc6 10. Bc4 d5 11. Be2 e4 12. Ne5 O-O 13. O-O Be8 14. f4 exf3 15.
Rxf3 Ne4 16. d3 Ng5 17. Rg3 Bd6 18. Bh5 g6 19. Be2 Qe7 20. d4 Ne4 21. Rf3 Rd8
22. Bd3 Ng5 23. Rf1 Nf7 24. Nf3 Qxe3+ 25. Kh1 Qh6 26. Bc1 Qh5 27. Be2 f4 28.
Ne5 Qh4 29. Rxf4 Qe7 30. Bb2 Ng5 31. Rxf8+ Kxf8 32. Qf1+ Kg7 33. Qf4 Ne6 34.
Qe3 Bd7 35. Rf1 Rf8 36. Rxf8 Nxf8 37. c4 Qh4 38. g3 Qf6 39. c5 Be7 40. Bc1 Bf5
41. Kg1 Be4 42. b4 g5 43. Qf2 Bf5 44. Be3 Qe6 45. Nxc6 Ng6 46. Nxe7 Qxe7 47. b5
Qe4 48. Bxg5 Qb1+ 49. Bf1 Nf8 50. g4 Bxg4 51. Qf6+ Kg8 52. Bh6 Ne6 53. Qf2 Qg6
54. Be3 Qe4 55. h3 Bf5 56. Qg2+ Kf7 57. Qxe4 Bxe4 58. Bg2 Bd3 59. b6 axb6 60.
cxb6 cxb6 61. Bxd5 Ke7 62. Kf2 Nc7 63. Bf3 Bc4 64. a3 Nb5 65. d5 Nxa3 66. Bxb6
Kd6 67. h4 Bxd5 68. Bxd5 Kxd5 69. Kf3 Nc4 1/2-1/2

[Event "25. Open Internacional de Parla 2010"]
[Site "Parla ESP"]
[Date "2010.09.07"]
[Round "4.40"]
[White "Madurga Lopez, Ignacio"]
[Black "De la Rosa Bretin, Adrian"]
[Result "0-1"]
[WhiteElo "2010"]
[BlackElo "1712"]
[PlyCount "70"]
[EventDate "2010.09.04"]
[EventType "swiss"]
[EventRounds "9"]
[EventCountry "ESP"]
[Source "lmi"]
[SourceDate "2010.09.04"]

1. e4 e5 2. Nf3 Nf6 3. Nxe5 d6 4. Nf3 Nxe4 5. d4 d5 6. Bd3 Be7 7. O-O Bg4 8. c4
c6 9. cxd5 cxd5 10. h3 Bxf3 11. Qxf3 Nf6 12. Bg5 Nbd7 13. Bxf6 Nxf6 14. Bb5+
Kf8 15. Nc3 g6 16. Ba4 Bb4 17. Bb3 Bxc3 18. Qxc3 Kg7 19. Qb4 b6 20. Qb5 a6 21.
Qc6 Re8 22. Rfe1 Rxe1+ 23. Rxe1 a5 24. Re5 Rc8 25. Qb5 Rc1+ 26. Kh2 Qd6 27. g3
a4 28. Qxa4 Rb1 29. Re2 Qc7 30. Rc2 Qe7 31. g4 Qe1 32. Kg3 g5 33. Qb5 Ne4+ 34.
Kf3 Nd2+ 35. Rxd2 Qe4+ 0-1

[Event "25. Open Internacional de Parla 2010"]
[Site "Parla ESP"]
[Date "2010.09.07"]
[Round "4.41"]
[White "Zhynguel Zhynguel, Alex"]
[Black "Perez Cameselle, Francisco"]
[Result "0-1"]
[WhiteElo "1680"]
[BlackElo "1917"]
[PlyCount "114"]
[EventDate "2010.09.04"]
[EventType "swiss"]
[EventRounds "9"]
[EventCountry "ESP"]
[Source "lmi"]
[SourceDate "2010.09.04"]

1. e4 g6 2. Bc4 d6 3. d4 Nf6 4. Nc3 Nc6 5. Nf3 Bg7 6. Bb5 O-O 7. a3 Bg4 8. Be3
a6 9. Ba4 b5 10. Bb3 e5 11. d5 Nd4 12. h3 Bxf3 13. gxf3 Nh5 14. h4 Qf6 15. Bg5
Qxf3 16. Qxf3 Nxf3+ 17. Ke2 Nxg5 18. hxg5 f6 19. gxf6 Rxf6 20. Raf1 Raf8 21.
Nd1 Rf4 22. Nc3 Bf6 23. Rh3 Bh4 24. f3 Ng3+ 25. Rxg3 Bxg3 26. Nd1 Rh4 27. Ne3
Rh2+ 28. Kd1 Bf4 29. Ng4 Rg2 30. Nf2 Be3 31. Ke2 Rxf2+ 32. Rxf2 Bxf2 33. Kxf2
Rf4 34. Kg3 Kg7 35. c3 g5 36. Bd1 Rh4 37. Kg2 Kg6 38. Be2 h5 39. b3 g4 40. Kg3
Rh3+ 41. Kg2 gxf3+ 42. Bxf3 Rxf3 43. Kxf3 Kg5 44. Kg3 h4+ 45. Kf3 h3 46. Kg3 h2
47. Kxh2 Kf4 48. Kg2 Kxe4 49. Kf2 Kxd5 50. Ke3 c5 51. Kd3 c4+ 52. bxc4+ bxc4+
53. Ke3 Ke6 54. Ke4 d5+ 55. Ke3 Kf5 56. Kf3 d4 57. cxd4 exd4 0-1

[Event "25. Open Internacional de Parla 2010"]
[Site "Parla ESP"]
[Date "2010.09.07"]
[Round "4.42"]
[White "Garcia-Osorio Prado, Miguel Angel"]
[Black "Laynez Aspenberg, Jose"]
[Result "1/2-1/2"]
[WhiteElo "1675"]
[BlackElo "1912"]
[PlyCount "128"]
[EventDate "2010.09.04"]
[EventType "swiss"]
[EventRounds "9"]
[EventCountry "ESP"]
[Source "lmi"]
[SourceDate "2010.09.04"]

1. d4 Nf6 2. c4 c5 3. d5 b5 4. b3 d6 5. Nd2 g6 6. Bb2 Bg7 7. e4 bxc4 8. bxc4
O-O 9. Bd3 Nbd7 10. Ne2 Rb8 11. Rb1 Qc7 12. O-O Nb6 13. h3 Ba6 14. Qc2 Nbd7 15.
f4 Rb6 16. Nf3 Rfb8 17. e5 dxe5 18. fxe5 Nxd5 19. cxd5 Bxd3 20. Qxd3 Rxb2 21.
Rxb2 Rxb2 22. d6 exd6 23. exd6 Qb6 24. Kh1 Qb5 25. Qxb5 Rxb5 26. Nf4 Rb6 27.
Rd1 Bf8 28. Ng5 Rxd6 29. Rb1 Nb6 30. Ne4 Rd4 31. Nf6+ Kh8 32. Ne2 Rd2 33. Nc3
Bg7 34. Nce4 Rxa2 35. Ne8 Ra1 36. Rxa1 Bxa1 37. Nxc5 a5 38. Nb3 Bc3 39. Nd6 a4
40. Nc1 Kg7 41. Nb5 Bb2 42. Na2 a3 43. Kg1 f5 44. Kf2 Kf6 45. Ke3 Nd5+ 46. Kf3
g5 47. g4 f4 48. Ke4 Nb6 49. Nc7 Ke7 50. Na6 Na4 51. N6b4 Nc3+ 52. Nxc3 Kd6 53.
Nb5+ Kc5 54. Nxa3 Bxa3 55. Nd3+ Kc4 56. Ne5+ Kc3 57. Nf7 Be7 58. Nh6 Kd2 59.
Kf3 Ke1 60. Nf5 Bf8 61. h4 h6 62. hxg5 hxg5 63. Nd4 Kf1 64. Ne6 Bh6 1/2-1/2

[Event "25. Open Internacional de Parla 2010"]
[Site "Parla ESP"]
[Date "2010.09.07"]
[Round "4.43"]
[White "Garcia Hernandez, Javier"]
[Black "Lucas Garcia, Pedro"]
[Result "1-0"]
[WhiteElo "1654"]
[BlackElo "1898"]
[PlyCount "47"]
[EventDate "2010.09.04"]
[EventType "swiss"]
[EventRounds "9"]
[EventCountry "ESP"]
[Source "lmi"]
[SourceDate "2010.09.04"]

1. d4 Nf6 2. c4 e6 3. Nc3 Bb4 4. Qc2 c5 5. e3 O-O 6. Bd3 Nc6 7. Nge2 d5 8. cxd5
cxd4 9. dxc6 dxc3 10. bxc3 Bd6 11. cxb7 Bxb7 12. e4 h6 13. O-O Qc7 14. h3 Rfd8
15. Rb1 Bh2+ 16. Kh1 Bd6 17. Nd4 a6 18. Be3 Rab8 19. Nf3 Nh5 20. Bb6 Qc6 21.
Bxd8 Rxd8 22. Qb3 Rd7 23. Rfd1 Bc5 24. Ne5 1-0

[Event "25. Open Internacional de Parla 2010"]
[Site "Parla ESP"]
[Date "2010.09.07"]
[Round "4.44"]
[White "Gomez Feria, Jose Maria"]
[Black "Sousa Barreiro, Bieito"]
[Result "1-0"]
[WhiteElo "1895"]
[BlackElo "1676"]
[PlyCount "107"]
[EventDate "2010.09.04"]
[EventType "swiss"]
[EventRounds "9"]
[EventCountry "ESP"]
[Source "lmi"]
[SourceDate "2010.09.04"]

1. Nf3 Nf6 2. c4 g6 3. b4 Bg7 4. Bb2 O-O 5. Qc2 b6 6. g3 Bb7 7. Bg2 Na6 8. a3
c5 9. b5 Nc7 10. d3 d5 11. Nbd2 d4 12. O-O Qd6 13. Rfe1 Rad8 14. a4 e5 15. a5
e4 16. dxe4 d3 17. exd3 Qxd3 18. Qxd3 Rxd3 19. axb6 axb6 20. Ra7 Rb8 21. Be5
Nfe8 22. Bf4 h6 23. h4 Bc3 24. Bxh6 Ne6 25. Re2 Ba5 26. Ne5 Rd6 27. Ndf3 Nf6
28. Ng5 Nxg5 29. Bxg5 Nh5 30. Be3 Ng7 31. Bxc5 Rd1+ 32. Kh2 Bc3 33. Bxb6 Bxe5
34. f4 Bd4 35. c5 Bg1+ 36. Kh3 Bc8+ 37. f5 gxf5 38. Ra3 Nh5 39. Bc7 Rxb5 40.
Ra8 fxe4+ 41. Rxc8+ Kg7 42. Bxe4 Rxc5 43. Rc2 Rd7 44. Rxc5 Bxc5 45. Be5+ f6 46.
Rxc5 fxe5 47. Rxe5 Nf6 48. Rg5+ Kh8 49. Re5 Kg7 50. h5 Rd6 51. g4 Ng8 52. Rg5+
Kh8 53. Kh4 Re6 54. Rxg8+ 1-0

[Event "25. Open Internacional de Parla 2010"]
[Site "Parla ESP"]
[Date "2010.09.07"]
[Round "4.45"]
[White "Pablos Tenrero, Raquel"]
[Black "Kalinovsky, Martin"]
[Result "1-0"]
[WhiteElo "1884"]
[BlackElo "1634"]
[PlyCount "63"]
[EventDate "2010.09.04"]
[EventType "swiss"]
[EventRounds "9"]
[EventCountry "ESP"]
[Source "lmi"]
[SourceDate "2010.09.04"]

1. e4 c5 2. c3 d5 3. exd5 Qxd5 4. d4 cxd4 5. cxd4 Nc6 6. Nf3 Bg4 7. Be2 e6 8.
Nc3 Qd8 9. Be3 Nf6 10. O-O Be7 11. Qd2 O-O 12. Rad1 Nd5 13. Qc2 Bf5 14. Qd2 Bf6
15. Rfe1 Rc8 16. Rc1 h6 17. Na4 Be7 18. a3 b6 19. Ne5 Qd6 20. Nxc6 Rxc6 21.
Rxc6 Qxc6 22. Nc3 Nxc3 23. bxc3 Rc8 24. c4 a5 25. Qc3 Bf6 26. Qb3 Rd8 27. Rd1
Bg5 28. d5 exd5 29. cxd5 Qd6 30. Qxb6 Bxe3 31. Qxe3 Be6 32. Bf3 1-0

[Event "25. Open Internacional de Parla 2010"]
[Site "Parla ESP"]
[Date "2010.09.07"]
[Round "4.46"]
[White "Alvarez Gonzalez, Eduardo"]
[Black "Sanchez Tapia, Luis"]
[Result "1/2-1/2"]
[WhiteElo "1873"]
[BlackElo "1638"]
[PlyCount "103"]
[EventDate "2010.09.04"]
[EventType "swiss"]
[EventRounds "9"]
[EventCountry "ESP"]
[Source "lmi"]
[SourceDate "2010.09.04"]

1. d4 Nf6 2. Nf3 g6 3. c4 Bg7 4. Nc3 d6 5. e4 Bg4 6. Be2 O-O 7. O-O a6 8. Be3
c6 9. Qc2 Qc7 10. Rac1 Nbd7 11. Rfd1 Rac8 12. h3 Bxf3 13. Bxf3 e5 14. Be2 exd4
15. Rxd4 c5 16. Rd2 Rfe8 17. Rcd1 Bf8 18. Bf4 Ne5 19. Bg5 Ned7 20. Nd5 Nxd5 21.
Rxd5 Re5 22. Bf4 Rxd5 23. Rxd5 Ne5 24. Bg3 Nc6 25. Qd2 Nd4 26. e5 dxe5 27. Bxe5
Nxe2+ 28. Qxe2 Re8 29. Bxc7 Rxe2 30. Rd8 Kg7 31. Kf1 Re6 32. b3 b5 33. cxb5
axb5 34. f4 Be7 35. Rb8 b4 36. Rb6 Rxb6 37. Bxb6 Bd6 38. Kf2 Kf6 39. Kf3 Ke6
40. g4 f5 41. gxf5+ gxf5 42. Bd8 Kd5 43. Ke3 c4 44. bxc4+ Kxc4 45. Bf6 Bc5+ 46.
Kd2 Bd4 47. Be7 Bc3+ 48. Kc2 h5 49. Bd6 Be1 50. Kd1 Bf2 51. Ke2 Bd4 52. Kd2
1/2-1/2

[Event "25. Open Internacional de Parla 2010"]
[Site "Parla ESP"]
[Date "2010.09.07"]
[Round "4.47"]
[White "Roldan Criado, Angel"]
[Black "Suarez Sanchez, Esperanza"]
[Result "0-1"]
[WhiteElo "1462"]
[BlackElo "1844"]
[PlyCount "60"]
[EventDate "2010.09.04"]
[EventType "swiss"]
[EventRounds "9"]
[EventCountry "ESP"]
[Source "lmi"]
[SourceDate "2010.09.04"]

1. e4 e6 2. Nc3 d5 3. exd5 exd5 4. Qe2+ Be7 5. Nf3 Nf6 6. g3 Nc6 7. Bg2 Bf5 8.
d3 O-O 9. O-O Bb4 10. Bd2 Re8 11. Qd1 Qd7 12. Ne2 Bxd2 13. Qxd2 d4 14. Rfe1
Rad8 15. Nh4 Bg4 16. f3 Bh5 17. Nf4 Bg6 18. Nhxg6 hxg6 19. Bh3 Qd6 20. Bg2 b6
21. Nh3 Nd5 22. Rxe8+ Rxe8 23. Nf2 Nd8 24. a3 c5 25. Rd1 Ne3 26. Re1 f5 27. f4
Ne6 28. Bf3 g5 29. fxg5 Nxg5 30. Bh1 f4 0-1

[Event "25. Open Internacional de Parla 2010"]
[Site "Parla ESP"]
[Date "2010.09.07"]
[Round "4.48"]
[White "Nieto Esteban, Manuel"]
[Black "Hernandez Mateo, Borja"]
[Result "0-1"]
[WhiteElo "1823"]
[BlackElo "1617"]
[PlyCount "70"]
[EventDate "2010.09.04"]
[EventType "swiss"]
[EventRounds "9"]
[EventCountry "ESP"]
[Source "lmi"]
[SourceDate "2010.09.04"]

1. e4 c5 2. Nf3 d6 3. d4 cxd4 4. Nxd4 Nf6 5. Nc3 a6 6. Bg5 e6 7. Be2 Be7 8. O-O
O-O 9. Kh1 b5 10. a3 Bb7 11. f3 Nxe4 12. Bxe7 Nxc3 13. Bxd8 Nxd1 14. Raxd1 Rxd8
15. f4 Nd7 16. Nb3 Nc5 17. Na5 Bd5 18. Bf3 Bxf3 19. Rxf3 Rac8 20. c3 Rd7 21.
Kg1 g6 22. c4 Nb7 23. Nxb7 Rxb7 24. cxb5 Rxb5 25. Rxd6 Rxb2 26. h4 Rcc2 27. g3
Rb1+ 28. Rf1 Rbb2 29. Rf3 Rb1+ 30. Rf1 Rb3 31. Rxa6 Rxg3+ 32. Kh1 Ra2 33. Rd1
Rgxa3 34. Rb6 Rh3+ 35. Kg1 Rxh4 0-1

[Event "25. Open Internacional de Parla 2010"]
[Site "Parla ESP"]
[Date "2010.09.07"]
[Round "4.50"]
[White "De la Orden Alcocer, Alejandro"]
[Black "Martinez Soler, Manuel"]
[Result "1-0"]
[WhiteElo "1798"]
[BlackElo "1563"]
[PlyCount "107"]
[EventDate "2010.09.04"]
[EventType "swiss"]
[EventRounds "9"]
[EventCountry "ESP"]
[Source "lmi"]
[SourceDate "2010.09.04"]

1. c4 e6 2. g3 Nf6 3. Bg2 c6 4. e4 e5 5. Nc3 d6 6. Nf3 Be7 7. O-O O-O 8. d3 Bd7
9. a3 a5 10. Bd2 c5 11. Qc2 Nc6 12. Nb5 Nd4 13. Nbxd4 cxd4 14. b4 a4 15. b5 Qc7
16. Rfc1 b6 17. Bb4 Rfc8 18. Qd1 Bg4 19. h3 Be6 20. Ne1 Nd7 21. Ra2 Nc5 22. Rb1
Ra7 23. Nc2 Qd7 24. Qf1 Nb3 25. Be1 f5 26. exf5 Bxf5 27. Nb4 Nc5 28. Bc6 Qd8
29. Rd1 Qf8 30. Qg2 Kh8 31. Kh2 Bd8 32. Bd5 Be6 33. Bxe6 Nxe6 34. Nd5 Rf7 35.
Bb4 Nc5 36. Bxc5 dxc5 37. Re2 Bc7 38. Kg1 Qd8 39. Qe4 Qd6 40. Rde1 Re8 41. f4
Qg6 42. Qxg6 hxg6 43. Nxc7 Rxc7 44. Rxe5 Rf8 45. Kg2 Rf6 46. Re8+ Kh7 47. Ra8
Rcf7 48. h4 Rd7 49. Ree8 g5 50. hxg5 Rf5 51. Rxa4 Rb7 52. Raa8 Kg6 53. a4 Kh5
54. Kf3 1-0

[Event "25. Open Internacional de Parla 2010"]
[Site "Parla ESP"]
[Date "2010.09.07"]
[Round "4.55"]
[White "Cerrato Sampablo, Antonio"]
[Black "Ojosnegros Martin, Angel"]
[Result "1-0"]
[WhiteElo "1621"]
[BlackElo "1384"]
[PlyCount "105"]
[EventDate "2010.09.04"]
[EventType "swiss"]
[EventRounds "9"]
[EventCountry "ESP"]
[Source "lmi"]
[SourceDate "2010.09.04"]

1. e4 e6 2. Nf3 d5 3. exd5 exd5 4. d4 Nf6 5. Bg5 Be7 6. Bd3 O-O 7. O-O Nbd7 8.
Nc3 c6 9. a3 Re8 10. Qd2 Nf8 11. Rad1 Bg4 12. Be2 Bxf3 13. Bxf3 Ng6 14. Rfe1
Qc7 15. Re2 Bd6 16. g3 Rxe2 17. Bxe2 Be7 18. Re1 Rf8 19. Bd3 Bd8 20. Re2 Qb6
21. Bxg6 fxg6 22. b4 a5 23. Bxf6 Bxf6 24. Qe1 Bxd4 25. Nd1 Qc7 26. Re8 Qd7 27.
Re7 Qc8 28. bxa5 Bc5 29. Re2 Bxa3 30. Qc3 Bd6 31. Qb3 Qg4 32. Rd2 Qg5 33. Rd3
Rb8 34. c4 Qe7 35. Ne3 Kh8 36. cxd5 c5 37. Nc4 Qe1+ 38. Kg2 Qe4+ 39. Kf1 Qh1+
40. Ke2 Re8+ 41. Re3 Rxe3+ 42. Qxe3 Bf8 43. d6 Qd5 44. Qd3 Qxd3+ 45. Kxd3 Kg8
46. Ke4 Kf7 47. Kd5 Ke8 48. Kxc5 Kd7 49. Ne5+ Ke6 50. Nc4 Kd7 51. f4 Ke6 52.
Kb6 Kd7 53. Kxb7 1-0

[Event "25. Open Internacional de Parla 2010"]
[Site "Parla ESP"]
[Date "2010.09.08"]
[Round "5.1"]
[White "Vazquez Igarza, Renier"]
[Black "Corrales Jimenez, Fidel"]
[Result "1/2-1/2"]
[WhiteElo "2535"]
[BlackElo "2599"]
[PlyCount "22"]
[EventDate "2010.09.04"]
[EventType "swiss"]
[EventRounds "9"]
[EventCountry "ESP"]
[Source "lmi"]
[SourceDate "2010.09.04"]

1. c4 c5 2. Nf3 Nc6 3. Nc3 e5 4. g3 g6 5. Bg2 Bg7 6. O-O Nge7 7. a3 O-O 8. d3
d5 9. cxd5 Nxd5 10. Nxd5 Qxd5 11. Be3 Qd6 1/2-1/2

[Event "25. Open Internacional de Parla 2010"]
[Site "Parla ESP"]
[Date "2010.09.08"]
[Round "5.2"]
[White "Strikovic, Aleksa"]
[Black "Del Rio de Angelis, Salvador G"]
[Result "1/2-1/2"]
[WhiteElo "2560"]
[BlackElo "2515"]
[PlyCount "106"]
[EventDate "2010.09.04"]
[EventType "swiss"]
[EventRounds "9"]
[EventCountry "ESP"]
[Source "lmi"]
[SourceDate "2010.09.04"]

1. e4 e6 2. d3 d5 3. Qe2 dxe4 4. dxe4 e5 5. Nf3 Nd7 6. Nbd2 Bc5 7. Nc4 Qe7 8.
Bg5 Qe6 9. O-O-O Ne7 10. Kb1 O-O 11. Qe1 Nc6 12. Ne3 Nb6 13. Nd5 Bd6 14. c4 Qg6
15. Bc1 Nxd5 16. cxd5 Ne7 17. Ka1 c6 18. dxc6 Nxc6 19. Bb5 Bc7 20. h3 a6 21.
Bc4 Bb6 22. g4 Qf6 23. Qe2 Nd4 24. Nxd4 Bxd4 25. Be3 Bxe3 26. fxe3 Be6 27. Bd5
Qe7 28. Qc4 Rac8 29. Qb3 Rc7 30. a3 Bxd5 31. exd5 Qd6 32. Rc1 Rfc8 33. Rxc7
Rxc7 34. e4 b5 35. Qe3 b4 36. Rc1 bxa3 37. bxa3 Kf8 38. Ka2 h5 39. Rxc7 Qxc7
40. Qd3 hxg4 41. hxg4 Qc5 42. Kb3 Qb6+ 43. Ka4 f6 44. Qc4 Ke7 45. Qb4+ Qd6 46.
Kb3 Qxb4+ 47. axb4 g6 48. g5 fxg5 49. Kc4 Kd6 50. Kd3 Ke7 51. Ke3 Kf7 52. Kf3
Ke7 53. Kg4 Kf6 1/2-1/2

[Event "25. Open Internacional de Parla 2010"]
[Site "Parla ESP"]
[Date "2010.09.08"]
[Round "5.3"]
[White "Rubio Mejia, Luis Ignacio"]
[Black "Gomez Garrido, Camilo"]
[Result "0-1"]
[WhiteElo "2373"]
[BlackElo "2514"]
[PlyCount "110"]
[EventDate "2010.09.04"]
[EventType "swiss"]
[EventRounds "9"]
[EventCountry "ESP"]
[Source "lmi"]
[SourceDate "2010.09.04"]

1. d4 d5 2. c4 c6 3. Nc3 Nf6 4. Nf3 a6 5. e3 b5 6. c5 g6 7. Bd3 Bg7 8. h3 O-O
9. O-O Nbd7 10. Re1 Qc7 11. e4 dxe4 12. Bxe4 Nxe4 13. Nxe4 Nf6 14. Nxf6+ exf6
15. Be3 Be6 16. Qd2 a5 17. Bf4 Qd7 18. Bd6 Rfe8 19. a3 a4 20. Qf4 Qb7 21. Qd2
Rad8 22. Re2 Bc4 23. Rxe8+ Rxe8 24. Re1 Qd7 25. Rxe8+ Qxe8 26. Qe3 Qe6 27. Ne1
h5 28. Qxe6 fxe6 29. f4 Kf7 30. Nf3 Bd5 31. Kf2 Ke8 32. Ke3 Bh6 33. g4 hxg4 34.
hxg4 Bxf3 35. Kxf3 g5 36. fxg5 Bxg5 37. Bf4 Bh4 38. Bg3 Bxg3 39. Kxg3 Kf7 40.
Kf3 Kg6 41. Kf4 Kh6 42. Kg3 Kg5 43. Kf3 f5 44. gxf5 Kxf5 45. Ke3 e5 46. Kd3
exd4 47. Kxd4 Kf4 48. Kc3 Ke4 49. b3 axb3 50. Kxb3 Kd5 51. a4 bxa4+ 52. Kxa4
Kxc5 53. Kb3 Kd4 54. Kc2 Kc4 55. Kd2 Kb3 0-1

[Event "25. Open Internacional de Parla 2010"]
[Site "Parla ESP"]
[Date "2010.09.08"]
[Round "5.4"]
[White "Nieto de la Cruz, Julio"]
[Black "Taboas Rodriguez, Daniel"]
[Result "0-1"]
[WhiteElo "2147"]
[BlackElo "2381"]
[PlyCount "98"]
[EventDate "2010.09.04"]
[EventType "swiss"]
[EventRounds "9"]
[EventCountry "ESP"]
[Source "lmi"]
[SourceDate "2010.09.04"]

1. d4 Nf6 2. c4 g6 3. Nc3 Bg7 4. e4 d6 5. f4 O-O 6. Nf3 e5 7. dxe5 dxe5 8. Qxd8
Rxd8 9. Nxe5 Na6 10. Be3 Nb4 11. Rc1 Ng4 12. Nxg4 Bxg4 13. Kf2 c6 14. h3 Be6
15. e5 f6 16. a3 Nd3+ 17. Bxd3 Rxd3 18. Ne4 fxe5 19. Nc5 Rd6 20. Nxb7 Rd7 21.
Nc5 Re7 22. Nxe6 Rxe6 23. Rhd1 exf4 24. Bd4 Rae8 25. Bxg7 Re2+ 26. Kf1 Kxg7 27.
Re1 R2e4 28. Rxe4 Rxe4 29. Re1 Rxc4 30. Re7+ Kh6 31. Rxa7 Rc1+ 32. Kf2 Rc2+ 33.
Kf3 Rxb2 34. h4 Ra2 35. a4 g5 36. hxg5+ Kxg5 37. Rg7+ Kf5 38. Rf7+ Ke5 39. Re7+
Kf5 40. Rf7+ Ke5 41. Re7+ Kd5 42. Re4 c5 43. Rxf4 c4 44. Rh4 c3 45. Rxh7 c2 46.
Rc7 Kd4 47. a5 Ra3+ 48. Ke2 Rc3 49. Rd7+ Kc4 0-1

[Event "25. Open Internacional de Parla 2010"]
[Site "Parla ESP"]
[Date "2010.09.08"]
[Round "5.5"]
[White "Abreu Delgado, Aryam"]
[Black "Madina Yadarola, Martin"]
[Result "1-0"]
[WhiteElo "2473"]
[BlackElo "2254"]
[PlyCount "103"]
[EventDate "2010.09.04"]
[EventType "swiss"]
[EventRounds "9"]
[EventCountry "ESP"]
[Source "lmi"]
[SourceDate "2010.09.04"]

1. e4 c5 2. Nf3 d6 3. d4 cxd4 4. Nxd4 Nf6 5. Nc3 a6 6. h3 e5 7. Nde2 h5 8. Bg5
Be6 9. f4 Qa5 10. Bxf6 gxf6 11. f5 Bd7 12. Qd5 Qc7 13. O-O-O Bc6 14. Qd3 Nd7
15. Nd5 Qa5 16. Nec3 b5 17. a3 Qd8 18. Kb1 h4 19. Be2 Nb6 20. Nxb6 Qxb6 21. Nd5
Bxd5 22. Qxd5 Rb8 23. Qb3 Be7 24. Rd2 Kf8 25. Rhd1 Rh7 26. Rd3 Rc8 27. Rd5 Rg7
28. Bf1 Rg3 29. R5d3 Rg7 30. Rf3 Qc6 31. Rd5 Qb6 32. Rd1 Qc6 33. Rc3 Qd7 34. g4
hxg3 35. Rxg3 Rxg3 36. Qxg3 Qc6 37. Bd3 d5 38. exd5 Qxd5 39. Qh4 Qg2 40. Qh6+
Qg7 41. Qe3 Bc5 42. Qe4 Qg3 43. Be2 Be7 44. Bh5 Qf2 45. Rc1 Qc5 46. Qg2 Qc4 47.
Rg1 Ke8 48. b3 Qc3 49. Bxf7+ Kd8 50. Be6 Rc6 51. Rd1+ Bd6 52. Rxd6+ 1-0

[Event "25. Open Internacional de Parla 2010"]
[Site "Parla ESP"]
[Date "2010.09.08"]
[Round "5.6"]
[White "Castaño Vanegas, Henry Augusto"]
[Black "Gongora Reyes, Maikel"]
[Result "1/2-1/2"]
[WhiteElo "2205"]
[BlackElo "2468"]
[PlyCount "101"]
[EventDate "2010.09.04"]
[EventType "swiss"]
[EventRounds "9"]
[EventCountry "ESP"]
[Source "lmi"]
[SourceDate "2010.09.04"]

1. e4 c5 2. Nf3 e6 3. d4 cxd4 4. Nxd4 a6 5. c4 Nf6 6. Nc3 Bb4 7. Bd3 Nc6 8.
Nxc6 dxc6 9. e5 Nd7 10. f4 Nc5 11. Bc2 Qxd1+ 12. Kxd1 b5 13. Ne4 Nxe4 14. Bxe4
Bb7 15. Be3 O-O-O+ 16. Ke2 Rd7 17. Rac1 Kb8 18. Rc2 Be7 19. a3 c5 20. Bxb7 Rxb7
21. cxb5 Rxb5 22. Rd1 Rc8 23. Rd7 Rb7 24. Rxb7+ Kxb7 25. Kd3 Rd8+ 26. Kc4 Kc6
27. Rd2 Rd5 28. b3 h5 29. g3 g6 30. h4 Bf8 31. a4 Be7 32. Rg2 Rd1 33. Rg1 Rd8
34. Re1 Rd7 35. Rg1 Rb7 36. Bd2 Rb8 37. Bc3 Rd8 38. Re1 Rd7 39. Rf1 Bd8 40. Re1
Bc7 41. Rf1 Rd5 42. Re1 Bd8 43. Rf1 Be7 44. Re1 Kd7 45. Re2 Bf8 46. Rd2 Kc6 47.
Re2 Be7 48. Re1 Bd8 49. Rf1 Bb6 50. Re1 Bd8 51. Rf1 1/2-1/2

[Event "25. Open Internacional de Parla 2010"]
[Site "Parla ESP"]
[Date "2010.09.08"]
[Round "5.7"]
[White "Fernandez Lledo, Javier"]
[Black "Roa Alonso, Santiago"]
[Result "0-1"]
[WhiteElo "2136"]
[BlackElo "2454"]
[PlyCount "118"]
[EventDate "2010.09.04"]
[EventType "swiss"]
[EventRounds "9"]
[EventCountry "ESP"]
[Source "lmi"]
[SourceDate "2010.09.04"]

1. e4 e5 2. Nf3 Nc6 3. d4 exd4 4. Nxd4 Bb4+ 5. c3 Be7 6. g3 d6 7. Bg2 Bd7 8.
Be3 Nf6 9. h3 O-O 10. O-O Re8 11. Nd2 Bf8 12. Kh2 Ne5 13. Qc2 c5 14. N4f3 Nxf3+
15. Bxf3 Bc6 16. Rad1 d5 17. Bg5 Ng4+ 18. hxg4 Qxg5 19. exd5 Bxd5 20. Ne4 Qh6+
21. Kg2 Bc6 22. Qd3 Re5 23. Rh1 Qg6 24. Nd6 Bxf3+ 25. Kxf3 Bxd6 26. Qxg6 fxg6
27. Rxd6 Rf8+ 28. Kg2 Re2 29. Rf1 Rxb2 30. Rd7 g5 31. Kg1 h6 32. Re1 Rbxf2 33.
Rxb7 R2f7 34. Rxf7 Rxf7 35. Kg2 Rd7 36. Re5 Rd2+ 37. Kh3 Rxa2 38. Rxc5 a5 39.
c4 a4 40. Ra5 Ra1 41. c5 Kf7 42. c6 Ke7 43. Rd5 Rc1 44. Rd7+ Ke6 45. Rd4 a3 46.
Ra4 Rc3 47. c7 Kd7 48. Ra7 Kc8 49. Kg2 g6 50. Kh3 h5 51. gxh5 gxh5 52. Kg2 g4
53. Kf2 Kd7 54. Ra5 Kxc7 55. Rxh5 Kb6 56. Rh8 Kb5 57. Rg8 Rf3+ 58. Kg2 Rc3 59.
Rg5+ Rc5 0-1